Slowenien-Quiz - Sudden Death - Statistiken

Allgemein
  • Dieses Quiz wurde 118 mal gespielt
  • Das Durchschnittsergebnis liegt bei 5 aus 10
Answers on the Grid
Answers color-coded by a green-red scale on the quiz's grid according to % correct below.
Dies ist die Flagge Sloweniens: 🇸🇮
Die Hauptstadt von Slowenien ist Ljubljana
Slowenien ist Mitglied der Europäischen Union
Slowenien grenzt an die Slowakei
Das slowenische KFZ-Kennzeichen lautet "SL"
Slowenien hat bereits den ESC gewonnen
In Slowenien leben mehr Frauen als Männer
Die Währung Sloweniens ist der Euro
Slowenien liegt in den Alpen
Bisher ist Slowenien nicht in der NATO
Flächenmäßig ist Slowenien größer als Albanien
Slowenien hat mehr Einwohner als Litauen
Das BIP pro Kopf in Slowenien ist höher als das von Tschechien
Slowenien grenzt an das Mittelmeer
Slowenien berührt die Adria
Slowenien hat mindestens eine Stadt mit 1 Million Einwohnern
Slowenien liegt in den Karpaten
In Slowenien gibt es ein Pfandsystem
+386 ist die Vorwahl Sloweniens
Slowenien hat eine längere Küstenlänge als St. Lucia
 
Antwortstatistiken
Antwort % Korrekt
Slowenien ist Mitglied der Europäischen Union
71%
Die Hauptstadt von Slowenien ist Ljubljana
68%
Dies ist die Flagge Sloweniens: 🇸🇮
62%
Slowenien liegt in den Alpen
59%
Die Währung Sloweniens ist der Euro
56%
Slowenien berührt die Adria
53%
Slowenien grenzt an das Mittelmeer
44%
+386 ist die Vorwahl Sloweniens
26%
In Slowenien leben mehr Frauen als Männer
21%
Das BIP pro Kopf in Slowenien ist höher als das von Tschechien
15%
Keine übereinstimmenden Quizze gefunden
Verteilung der Resultate
Anzahl Personen mit jedem Resultat
Perzentil nach korrekt beantworteten Fragen
Ihre Resultats-Entwicklung
Sie haben dieses Quiz noch nicht gespielt